000 01449nam0a22003011 4500
001 rc\3391727
005 20250609224942.0
021 _aRU
_b[72-38681]
035 _a(NLR Aleph) 007538879
090 _a9745893
_c9745893
100 _a20130115d1972 |||y0rusy50 ca
101 0 _arus
102 _aRU
105 _ay z |||||
200 1 _aОсновные направления научно-технического прогресса в жилищно-гражданском строительстве
_fО-во "Знание" РСФСР. Науч.-метод. совет по пропаганде достижений науки, техники, экономики и передового опыта в строительстве и архитектуре
210 _aМосква
_c[Знание]
_d1972
215 _a48 с.
_d20
225 1 _aВ помощь лектору
300 _aПеред загл. авт.: А.П. Антонов, архит.
320 _aСписок лит.: с. 47
606 _aГражданское строительство в СССР
_jМатериалы для докладов, лекций и т. п.
_2psbo
700 1 _7ca
_8rus
_aАнтонов
_bА. П.
_cархитектор
_f1927-1978
_gАскольд Петрович
_9267289
_3RU\NLR\AUTH\770267345
801 0 _aRU
_bNLR
_gpsbo
801 1 _aRU
_bELAR
_2rusmarc
852 _aNLR
_j72-4/14660
942 _cBOOK
980 _aNB